00449nam a2200169Ia 4500008004100000020001800041245003100059245004300090245004900133260001500182260001600197260000900213300001400222300002500236300001000261500000800271170705s9999 xx 000 0 und d a9780545443647 aMy name is not Alexander : bjust how big can a little kid dream? / cJennifer Johnston ; pictures by Mike Litwin. aNew York : bScholastic, c2011 aunpaged : bcolor illustration ; c22cm. a570